000 00429nam a2200181Ia 4500
005 20260108163026.0
008 230524s9999 xx 000 0 und d
020 _a9788131729885
082 _bGOP
_a624
100 _aSatheesh Gopi
245 0 _aBasic Civil Engineering
250 _a1
260 _aNew Delhi
_bPearson
_c2015
300 _a"XIII,321p;"
500 _aQuantity Number: 211
650 _aCivil
942 _cBK
999 _c56938
_d56938